[Event "Wch U10 blitz"]
[Site "Batumi"]
[Date "2023.06.10"]
[Round "2"]
[White "Nematjonov, Rakhmonali"]
[Black "Deepak Ambattu, Rithvik"]
[Result "0-1"]
[WhiteElo "1383"]
[BlackElo "1780"]
[PlyCount "124"]
[EventDate "2023.06.10"]
[EventType "swiss (blitz)"]
[EventRounds "11"]
[EventCountry "GEO"]
[SourceTitle "EXT 2024"]
[Source "ChessBase"]
[SourceDate "2023.10.10"]
[SourceVersion "1"]
[SourceVersionDate "2023.10.10"]
[SourceQuality "1"]
[WhiteTeam "Uzbekistan"]
[BlackTeam "Schottland"]
[WhiteTeamCountry "UZB"]
[BlackTeamCountry "SCO"]

1. e4 c5 2. Nf3 g6 3. c3 d5 4. exd5 Qxd5 5. d4 Bg7 6. Na3 cxd4 7. cxd4 Nf6 8. Bc4 Qd8 9. 0-0 0-0 10. Bf4 Nd5 11. Bg3 Nc6 12. Nb5 a6 13. Bxd5 axb5 14. Bxc6 bxc6 15. Ne5 Bb7 16. Qc2 Qd5 17. Nf3 Rfc8 18. Rfe1 e6 19. a3 c5 20. dxc5 Rxc5 21. Qe2 Qc4 22. Rab1 Qxe2 23. Rxe2 Bxf3 24. gxf3 Rac8 25. b3 Bf6 26. a4 b4 27. Re4 Rc1+ 28. Rxc1 Rxc1+ 29. Kg2 Bc3 30. Rc4 Rb1 31. a5 Rxb3 32. a6 Ra3 33. Rc8+ Kg7 34. Rc6 Ra1 35. Rb6 e5 36. h3 Ra3 37. Rc6 h5 38. h4 Ra2 39. Bh2 Bd4 40. f4 Rxf2+ 41. Kh3 Rf3+ 42. Kg2 Ra3 43. fxe5 b3 44. e6 fxe6 45. Rc7+ Kf6 46. Rb7 b2 47. Bd6 Rxa6 48. Be7+ Kf5 49. Rb5+ e5 50. Bg5 Ra1 51. Rxb2 Bxb2 52. Kf3 e4+ 53. Ke2 Bf6 54. Be3 Ra2+ 55. Kf1 Bxh4 56. Kg1 Kg4 57. Kh1 Kf3 58. Bg1 Bf2 59. Bh2 Ra1+ 60. Bg1 Rxg1+ 61. Kh2 Ra1 62. Kh3 Rh1# 0-1